| 000 | 01516nam a2200457 i 4500 | ||
|---|---|---|---|
| 001 | 14624 | ||
| 003 | KOSZ 005 | ||
| 005 | 20191116092229.0 | ||
| 008 | 191116s1972 pl g 000 0 ger | ||
| 015 | _aPB 1972/9339 | ||
| 035 | _a(PL-WaBN)b12819645-48omnis_nlop | ||
| 035 | _ab12819645 | ||
| 035 | _a(OCoLC)835928145 | ||
| 035 | _a(PL)b0000001281964 | ||
| 035 | _a(EXLNZ-48OMNIS_NETWORK)9910708411105606 | ||
| 040 |
_aWA N _cWA N _dKOSZ 005/RW |
||
| 041 | 0 |
_ager _apol |
|
| 046 | _k1972 | ||
| 080 | _a811.112.2 | ||
| 080 | _a811.162.1'374 | ||
| 100 | 1 |
_aJóźwicki, Jerzy _eAutor |
|
| 245 | 1 | 0 |
_aSłownik minimum niemiecko-polski i polsko-niemiecki / _cJerzy Jóźwicki. |
| 246 | 1 | 4 | _aNiemiecki minimum Polnisch |
| 250 | _aWydanie 7. | ||
| 260 |
_aWarszawa : _bWiedza Powszechna, _c1972. |
||
| 300 |
_a599, [1] stron ; _c9 cm. |
||
| 336 |
_aTekst _btxt _2rdacontent |
||
| 337 |
_aBez urządzenia pośredniczącego _bn _2rdamedia |
||
| 338 |
_aWolumin _bnc _2rdacarrier |
||
| 380 | _aKsiążki | ||
| 388 | _a1901-2000 | ||
| 546 | _aDruga strona tytułowa w języku niemieckim. | ||
| 650 | 7 | _aJęzyk niemiecki | |
| 655 | 7 |
_aSłownik niemiecko-polski _2DBN |
|
| 655 | 7 |
_aSłownik polsko-niemiecki _2DBN |
|
| 658 | _aJęzykoznawstwo | ||
| 710 | 2 |
_aPaństwowe Wydawnictwo Wiedza Powszechna _4pbl |
|
| 856 |
_uhttp://koha.tu.koszalin.pl/cgi-bin/koha/opac-detail.pl?biblionumber=14624 _yKatalog online BPK |
||
| 942 |
_2UKD _cKS |
||
| 999 |
_c14624 _d14624 |
||